Elegí - Rauw Alejandro, Dalex, Lenny Tavárez - Estadísticas

Estadísticas generales
  • Esta prueba ha sido intentada 28 veces
  • La puntuación promedio es 300 de 376
Estadísticas de respuestas
Letra % Correcto
a
100%
cama
100%
como
100%
el
100%
El
100%
elegí
100%
hace
100%
no
100%
No
100%
te
100%
100%
100%
tu
100%
ahí,
86%
aquí,
86%
bueno
86%
chingar
86%
cielo...
86%
cielo,
86%
cielo
86%
cogí...
86%
comernos
86%
conmigo
86%
De
86%
de
86%
Del
86%
dime
86%
en
86%
es
86%
Es
86%
escogí...
86%
fue
86%
llamé
86%
llegaste
86%
lo
86%
me
86%
Me
86%
mi
86%
86%
Mi
86%
naciste
86%
ninguna
86%
nos
86%
nuevo,
86%
olvida?
86%
olvido
86%
pa'
86%
Pero
86%
pero
86%
polvo
86%
primero
86%
Que
86%
que
86%
Quédate
86%
¿quién
86%
quien
86%
86%
se
86%
su
86%
tampoco
86%
testigo...
86%
ti
86%
tres
86%
tus
86%
una...
86%
Una
86%
veo
86%
veo...
86%
vernos,
86%
vi
86%
vida...
86%
vida
86%
y
86%
Y
86%
Yo
86%
yo
86%
brego
71%
entero,
71%
eres
71%
estoy
71%
fumamos
71%
Hay
71%
La
71%
la
71%
nota
71%
(Ra'
71%
Ra'
71%
Rauw)
71%
Rauw
71%
Si
71%
si
71%
suelo...
71%
suelo,
71%
weekend
71%
al
57%
borracho
57%
Enrolamos
57%
mejor
57%
oficial,
57%
Perdona
57%
Plus
57%
to'
57%
ahora
43%
baby
43%
bellaqueo,
43%
cada
43%
cualquiera,
43%
entera
43%
eso
43%
espejo
43%
Frente
43%
invite
43%
límite
43%
llamando
43%
noche
43%
pasa
43%
sola
43%
Sola
43%
supieras
43%
tengo
43%
tiene'
43%
todavía
43%
vez
43%
vídeo
43%
viera
43%
Ya
43%
caption
29%
confesarte
29%
eh?!...
29%
encontramos?
29%
estás
29%
kripy,
29%
mami...
29%
onza
29%
ponte
29%
solita
29%
tal
29%
bellaqueras
14%
esas
14%
esté
14%
facilite,
14%
gratis
14%
llevaste
14%
panties
14%
pase
14%
propongo
14%
puede
14%
pusiste,
14%
¿Qué
14%
Quisiera
14%
quite
14%
No se encontraron pruebas coincidentes
Distribución de puntuación
Porcentaje de gente con cada puntuación
Porcentaje por número respondido
Historial de tus puntuaciones
No has intentado esta prueba.